15 casos de éxito probado: cómo la actitud de las empresas nos ayuda a superar los momentos de crisis
में बचाया:
| मुख्य लेखक: | |
|---|---|
| स्वरूप: | पुस्तक |
| भाषा: | स्पेनिश |
| प्रकाशित: |
Madrid
Santillana
2013
|
| संस्करण: | 1a. ed |
| विषय: | |
| टैग: |
टैग जोड़ें
कोई टैग नहीं, इस रिकॉर्ड को टैग करने वाले पहले व्यक्ति बनें!
|
MARC
| LEADER | 00000cam a2200000 a 4500 | ||
|---|---|---|---|
| 001 | UCD8998 | ||
| 003 | CL-VaPUC | ||
| 008 | 170602e20130000sp |||||||||||||||||spa|d | ||
| 020 | |a 9788403013377 | ||
| 082 | 0 | 4 | |a 658.5 |b TRI |2 21 |
| 100 | 0 | |a Tringali, Giuseppe |e author |9 592644 | |
| 245 | 1 | 0 | |a 15 casos de éxito probado: cómo la actitud de las empresas nos ayuda a superar los momentos de crisis |
| 250 | |a 1a. ed | ||
| 300 | |a 333 p | ||
| 942 | |c BK | ||
| 945 | |d 20170602 23:29:00 |a dcastane | ||
| 260 | |a Madrid |b Santillana |c 2013 | ||
| 650 | 0 | |a Gestión de proyectos |9 260970 | |
| 650 | 7 | |a PLANIFICACION DE PROYECTOS |2 CL-VaPUC |9 364615 | |
| 583 | |a last modification |c 20170602 23:29:00 |k Rodrigo Vera | ||
| 999 | |c 368303 |d 368301 | ||